=LDR 00000nam 2200000 4500 =001 INLIS000000000037746 =005 20211201101913 =035 ##$$a 0010-061300000037746 =008 211201###########################0#ind## =041 ##$$a Ind =082 ##$$a 618.2 =090 ##$$a 618.2, Ben b =100 ##$$a Benson, Michael D =245 1#$$a Ilmu Kebidanan : $b Buku Saku /$c Michael D. Benson =260 ##$$a bandung :$b Bina Aksara,$c 2004 =300 ##$$a 432 hlm : $b illus ; $c 16x23 cm. =650 #4$$a Kebidanan, Ilmu =850 ##$$a NBPNMAT =084 ##$$a 618.2 BEN b =990 ##$$a 0001/BPAP-NTB/2016 =990 ##$$a 0001/BPAP-NTB/2016 =990 ##$$a 0001/BPAP-NTB/2016 =990 ##$$a 0001/BPAP-NTB/2016 =990 ##$$a 0001/BPAP-NTB/2016 =990 ##$$a 21108058 =990 ##$$a 0001/BPAP-NTB/2016 =990 ##$$a 0001/BPAP-NTB/2016 =990 ##$$a 0001/BPAP-NTB/2016 =990 ##$$a 0001/BPAP-NTB/2016